Statistics for Regis High School 2E-2 2017-18

Click here to take the quiz!

General Stats

  • This quiz has been taken 26 times
    (21 since last reset)
  • The average score is 9 of 13

Answer Stats

Answer% Correct
Gregory Guzman
100%
Jeremiah Alago
100%
Matt Virtudes
89%
Owen Byrne
89%
Chris Pocchia
78%
Conor O'Malley
78%
Paul Sabini
78%
Alan Ventura
56%
Bernard Kramurchuk
56%
Charles Brush
56%
Dramane Doumbia
56%
Jacob Agbata
56%
Jake Lillis
56%

Score Distribution

Percentile by Number Answered

Percent of People with Each Score

Your Score History

You have not taken this quiz since the last reset